Jaki kraj pasuje (Europa) - Statystyki

Ogólne statystyki
  • Ten quiz został rozwiązany 173 razy
  • Średni wynik to 9 z 15
Statystyki odpowiedzi
Zagadnienie Odpowiedź % Poprawnych
Największe państwo Europy Rosja
94%
Jaka pisownia jest poprawana Liechtenstein
88%
Jakie państwo nie należy do Wielkiej Brytanii Irlandia
85%
Najmniejsze państwo Europy (wybierz z podanych) Kosowo
82%
W jakiej częściach Europy leżą Niemcy Europa środkowa
68%
Gdzie leży stolica Bawarii W Niemczech
65%
Państwo z dwoma stolicami Holandia
62%
W jakim kraju nie leżą Alpy Monako
53%
Które państwo nie sąsiaduje z Luksemburgiem Holandia
50%
Państwo nie należy do unii europejskiej Norwegia
50%
Które państwo leży tylko w Europie Ukraina
50%
Przez jakie państwo przechodziła żelazna kurtyna Niemcy
44%
Największe państwo Europy (wybierz z podanych) Polska
38%
Jakie państwo powstało najpóźniej (wybierz z podanych) Rosja
32%
Najwyżej położone państwo na północ (bez Rosji) Norwegia
24%
Nie znaleziono quizów pasujących do podanych kryteriów
Rozkład punktacji
Procent ludzi z każdym wynikiem
Percentyl według liczby udzielonych odpowiedzi
Twoja historia wyników
Nie rozwiązałeś tego quizu